LIBRARY & INFORMATION CENTRE, KCAET, TAVANUR

ONLINE PUBLIC ACCESS CATALOGUE (OPAC)

Applied mechanics made easy / (Record no. 10608)

MARC details
000 -LEADER
fixed length control field 00379cam a2200157ua 4500
041 ## - LANGUAGE CODE
Language code of text/sound track or separate title eng
082 ## - DEWEY DECIMAL CLASSIFICATION NUMBER
Classification number 620.1
Item number SHA/AP
100 ## - MAIN ENTRY--AUTHOR NAME
Personal name Shahane, .
245 ## - TITLE STATEMENT
Title Applied mechanics made easy /
260 ## - PUBLICATION, DISTRIBUTION, ETC. (IMPRINT)
Place of publication Poona :
Name of publisher Royal Book Stall ,
Year of publication 1964.
300 ## - PHYSICAL DESCRIPTION
Number of Pages 501 ; .
942 ## - ADDED ENTRY ELEMENTS (KOHA)
Koha item type Books
Holdings
Withdrawn status Lost status Damaged status Home library Current library Date acquired Cost, normal purchase price Full call number Accession Number Koha item type
Withdrawn     KAUAET KAUAET 07/04/2012 10.00 620.1 SHA/AP 7550 Books
Withdrawn     KAUAET KAUAET 07/04/2012 10.00 620.1 SHA/AP 7551 Books
free website counter